00890nam a22002417a 4500003000900000005001700009008002900026020001800055040002500073082002900098100003400127245004300161260004800204300002900252500007100281590002900352650003100381650003300412910004000445942001400485952013200499999001700631DO-SdBNP20240228191900.0210901b 2018 dr00| 0 eng d a9789945914900 aDO-SdBNPbspacBNPHU 4aBNPHU RD863.44bO96c2221 aOvalles, Pedro,d1957-92378113aEl color de la mirada /cPedro Ovalles aSanto Domingo : bPoetas de la Era, c2020. a230 p. :bil. ;c23 cm.  aIncluye datos biográficos del autor en la solapa de la cubierta. aInventariado, 2021 /BT 14aPoesía dominicana97829814aLiteratura dominicana978299 aBT/Validado. Control de calidad MFF 2ddccLBS1 00102ddc718PDaBNPHUbPDcHDd2021-09-01eDepósito Legall0oBNPHU RD863.44 O96cp2021-25933r2021-09-01w2021-09-01yLFPD c50358d50358